00460nam a2200169Ia 4500008004100000041001200041082002000053100001600073245004700089365000900136520001300145546001200158630004700170650001300217655001300230730004700243101110s9999 xx 000 0 und d aENGLISH bSR9560a651.374 aLimaye M.D. aCompany Secretarial Practice by M.D.Limaye b16.8 aCommerce aENGLISH aCompany Secretarial Practice by M.D.Limaye aCommerce aCommerce aCompany Secretarial Practice by M.D.Limaye